| 000 | 00876cam a2200217 4500 | ||
|---|---|---|---|
| 001 | WS122024 | ||
| 008 | 030416n 000 0 eng u | ||
| 035 | _a(Sirsi) u122024 | ||
| 110 |
_aOntario Real Estate Association _94443 |
||
| 245 | _aOntario Real Estate Association | ||
| 520 | _aWeb site for this organisation which represents realtors in Ontario. Includes details of careers in real estate, cpd opportunities, an outline of their lobbying work and consumer pages on buying and selling houses. | ||
| 650 | _aCANADA | ||
| 650 | _aINTERNATIONAL | ||
| 650 | _aORGANISATION | ||
| 650 | _aREALTORS | ||
| 650 | _aESTATE AGENTS | ||
| 650 | _aPROPERTY-RESIDENTIAL PROPERTY-ACQUISITION AND DISPOSAL OF RESIDENTIAL PROPERTY | ||
| 690 | _aPROPERTY AND LAND LAW-AGENCY | ||
| 856 | 4 | 0 |
_uhttps://www.orea.com _zView the website free of charge at www.orea.com... |
| 942 | _n0 | ||
| 999 |
_c120276 _d120276 |
||